000 01331nam a2200409 c 4500
001 11991
003 ES-MaCES
005 20141221122150.0
008 010424s2001 sp t 000 | spa d
017 _aB 47532-2000
_bDL
020 _a8483063794
035 _aCES20010005140m
040 _aES-MaCES
_bspa
_cES-MaCES
100 1 _aJover Zamora, José María
_915558
245 1 0 _aEspaña
_b: sociedad, política y civilización : (Siglos XIX-XX)
_cJosé María Jover Zamora, Guadalupe Gómez-Ferrer Morant, Juan Pablo Fusi Aizpúrua ; [ed. a cargo de Isabel Belmonte López]
250 _a1ª ed
260 _aMadrid
_bDebate
_c2001
300 _a895 p.
_c26 cm
490 1 _aAreté
500 _aÍndices
504 _aBibliografía: p. 853-880
541 _cCompra
650 4 _asociedad
_927269
650 4 _apolítica
_927246
650 4 _acivilización
_927261
650 4 _aEspaña
_926964
650 4 _aS. XIX-XX
_930980
650 4 _ahistoria
_927251
653 1 0 _aCiencias Sociales-Políticas
700 1 _aGómez-Ferrer Morant, Guadalupe
_913622
700 1 _aFusi Aizpúrua, Juan Pablo
_912528
700 1 _aBelmonte López, Isabel
_eed. lit.
_97447
830 0 _aAreté (Barcelona)
_933601
902 _aLIB Libro
942 _2CES
_cBK
_h7.0.
999 _c11991
_d11991